Chủ tịch Hồ Chí Minh sự nghiệp vĩ đại gương sáng đời đời

Αποθηκεύτηκε σε:
Λεπτομέρειες βιβλιογραφικής εγγραφής
Κύριος συγγραφέας: Trường Chinh
Μορφή: Βιβλίο
Έκδοση: H. Sự thật 1980
Θέματα:
Ετικέτες: Προσθήκη ετικέτας
Δεν υπάρχουν, Καταχωρήστε ετικέτα πρώτοι!
Thư viện lưu trữ: Trung tâm Học liệu Lê Vũ Hùng, Trường Đại học Đồng Tháp
LEADER 00722pam a22002058a 4500
001 00000523
005 20171026081022.0
008 110322s1980 ||||||Viesd
041 0 # |a Vie 
082 1 4 |a 335.434 6  |b CH500T 
100 0 # |a Trường Chinh 
245 0 0 |a Chủ tịch Hồ Chí Minh sự nghiệp vĩ đại gương sáng đời đời  |c Trường Chinh 
260 # # |a H.  |b Sự thật  |c 1980 
300 # # |a 55 tr.  |c 20 cm. 
650 # 4 |a Hồ Chí Minh 
653 # # |a Cách mạng  |a Sự nghiệp  |a Hồ Chí Minh 
852 # # |b Kho đọc  |j KD.0000093 
852 # # |j KD.0000093 
910 |d 22/03/2011 
980 # # |a Trung tâm Học liệu Lê Vũ Hùng, Trường Đại học Đồng Tháp